000 00963nam a22002777a 4500
005 20150309171253.0
010 _aBAC-EN21 ENG-111769
020 _a9788121935692
_c450.00
020 _a8121935695
_c450.00
035 _aEN-95301
035 _aB-593133-163
037 _bUBH/Ven
_adpl
037 _bDBAD/PUB
082 _a588.0968
100 _aVashishta, B.R.
245 _aBryophyta : botany for degree students /
_cby B.R. Vashishta; revised by A. K. Sinha [and] Adarsh kumar
250 _aMulticolour illustrative ed
260 _aNew Delhi
_bS. Chand
_c2014(repr.)
270 _a7361,Ram Nagar
_bNew Delhi
_e110055
300 _aPt.-III (x,517p.) :
_bcol. ill.
_c24cm(pbk)
500 _aIncludes bibliographical references and index
700 _aSinha, A.K.
700 _aAdarsh Kumar
942 _2ddc
_cEN
_mVAS
_h588.0968
999 _c89034
_d89034